00349nam a22001097a 4500020001800000040000900018082001800027100002500045245005900070260005100129650005900180 a9788178088853 cNust a621.4023bPUL aWillard W. Pilkrabek aEngineering fundamentals of Internal combustion Engine aNew Delhi:bPearson education services.c2003. aEngineering fundamentals of Internal combustion Engine